000 00306nam a22001217a 4500
008 180518b xxu||||| |||| 00| 0 eng d
041 _aeng
080 _a043.3
100 _a0
101 _aARK-BA
245 _aProjektimi i Nderteses Industriale Fabrike per Dyer dhe Dritare
_cShala, A
942 _2udc
_cBK
999 _c45972
_d45972